000 01332nac a22003131i 4500
003 EG-ScBUE
005 20241015102034.0
008 241015t1991 ii a f b 001 0 eng d
020 _a0070530718
020 _a9780070495098
040 _aEG-ScBUE
_beng
_erda
_cEG-ScBUE
_dEG-ScBUE
082 0 4 _a515.35
_bSIM
_222
100 1 _aSimmons, George Finlay,
_eauthor.
245 1 0 _aDifferential equations, with applications and historical notes /
_cGeorge F. Simmons, professor of mathematics, Colorado College, with a new chapter on numerical methods by John S. Robertson, Department of Mathematical Sciences, United States Military Academy.
250 _aSecond edition.
264 1 _aNew Delhi :
_bTata McGraw-Hill Publishing Company Limited,
_c[1991]
264 4 _cc1991
300 _axxi, 629 pages :
_billustrations ;
_c24 cm
336 _2rdacontent
_atext
_btxt
337 _aunmediated
_2rdamedia
_bn
338 _avolume
_bnc
_2rdacarrier
504 _aIncludes bibliographical references and index.
650 7 _aDifferential equations.
_2BUEsh
655 _vReading book
700 1 _aRobertson, John S.,
_eauthor.
856 4 2 _3Publisher description
_uhttp://www.loc.gov/catdir/description/mh022/90033686.html
856 4 2 _3Table of contents
_uhttp://www.loc.gov/catdir/toc/mh021/90033686.html
942 _cBB
_2ddc
999 _c1257
_d1257